Meraj-e-rasool (Record no. 571646)
[ view plain ]
| 000 -LEADER | |
|---|---|
| fixed length control field | 00364nam a22001577a 4500 |
| 003 - CONTROL NUMBER IDENTIFIER | |
| control field | CEME |
| 005 - DATE AND TIME OF LATEST TRANSACTION | |
| control field | 20210628202948.0 |
| 008 - FIXED-LENGTH DATA ELEMENTS--GENERAL INFORMATION | |
| fixed length control field | 210119b xxu||||| |||| 00| 0 eng d |
| 040 ## - CATALOGING SOURCE | |
| Transcribing agency | . |
| 082 ## - DEWEY DECIMAL CLASSIFICATION NUMBER | |
| Classification number | 297.63 SYE |
| 100 ## - MAIN ENTRY--PERSONAL NAME | |
| Personal name | Syed Sulaman Nadvi |
| 9 (RLIN) | 62572 |
| 245 ## - TITLE STATEMENT | |
| Title | Meraj-e-rasool |
| 260 ## - PUBLICATION, DISTRIBUTION, ETC. | |
| Place of publication, distribution, etc. | LAHORE |
| Name of publisher, distributor, etc. | MAKTABA-E-DARUL-ULOOM |
| 300 ## - PHYSICAL DESCRIPTION | |
| Extent | 110 |
| 942 ## - ADDED ENTRY ELEMENTS (KOHA) | |
| Koha item type | Book |
| Source of classification or shelving scheme | |
| Withdrawn status | Lost status | Damaged status | Not for loan | Permanent Location | Current Location | Shelving location | Date acquired | Total Checkouts | Full call number | Barcode | Date last seen | Price effective from | Koha item type |
|---|---|---|---|---|---|---|---|---|---|---|---|---|---|
| College of Electrical & Mechanical Engineering (CEME) | College of Electrical & Mechanical Engineering (CEME) | General Stacks | 07/24/2017 | 297.63 SYE | CEME-43254 | 06/28/2021 | 06/28/2021 | Book |
